skbl

Dr Suryya Kumar Bhuyan Library Web-OPAC
ডঃ সূৰ্য্য
কুমাৰ ভূঞা পুথিভঁৰাল ৱেব-অ'পেক

All Research Scholars are advised to clear the annual library fees to continue using Library Resources, Remote Access, Plagiarism Test and Library Clearance.

Cotton University Book Fair 2026

Lets speak arabic : (Record no. 62351)

MARC details
000 -LEADER
fixed length control field 00582nam a2200205Ia 4500
001 - CONTROL NUMBER
control field 61242
008 - FIXED-LENGTH DATA ELEMENTS--GENERAL INFORMATION
fixed length control field 170105n2002 ii |||gr||||Z||||||465
020 ## - INTERNATIONAL STANDARD BOOK NUMBER
International Standard Book Number 978-81-87570-7-6
082 ## - DEWEY DECIMAL CLASSIFICATION NUMBER
Classification number 492.7
100 ## - MAIN ENTRY--PERSONAL NAME
Personal name Rahman, S.A.,
Relator term Author.
245 #0 - TITLE STATEMENT
Title Lets speak arabic :
Remainder of title learn arabic conversation in just one week /
Statement of responsibility, etc. by S.A. Rahman .
Medium Textual Documents
250 ## - EDITION STATEMENT
Edition statement 1st ed.
260 ## - PUBLICATION, DISTRIBUTION, ETC.
Place of publication, distribution, etc. Delhi
Name of publisher, distributor, etc. Goodwoord Books
Date of publication, distribution, etc. 2002
300 ## - PHYSICAL DESCRIPTION
Extent 208p:
Dimensions 21cm.
653 ## - INDEX TERM--UNCONTROLLED
Uncontrolled term Arabic
653 ## - INDEX TERM--UNCONTROLLED
Uncontrolled term Speak arabic, arabic speaking
653 ## - INDEX TERM--UNCONTROLLED
Uncontrolled term G-Arabic
653 ## - INDEX TERM--UNCONTROLLED
Uncontrolled term Deptt-Arabic
942 ## - ADDED ENTRY ELEMENTS (KOHA)
Source of classification or shelving scheme Dewey Decimal Classification
Koha item type Books
Holdings
Withdrawn status Lost status Damaged status Not for loan Collection Home library Current library Shelving location Date acquired Total checkouts Full call number Barcode Date last seen Copy number Price effective from Koha item type
          Dr. Suryya Kumar Bhuyan Library Dr. Suryya Kumar Bhuyan Library   05/01/2017   492.7 Ra 129 Le 91112 14/01/2024 9 05/01/2017 Books
          Dr. Suryya Kumar Bhuyan Library Dr. Suryya Kumar Bhuyan Library   05/01/2017   492.7 Ra 129 Le 1133/Isl 14/01/2024 5 05/01/2017 Books
          Dr. Suryya Kumar Bhuyan Library Dr. Suryya Kumar Bhuyan Library   05/01/2017   492.7 Ra 129 Le 1134/Isl 14/01/2024 6 05/01/2017 Books
          Dr. Suryya Kumar Bhuyan Library Dr. Suryya Kumar Bhuyan Library   05/01/2017   492.7 Ra 129 Le 458/Isl 14/01/2024 7 05/01/2017 Books
          Dr. Suryya Kumar Bhuyan Library Dr. Suryya Kumar Bhuyan Library   05/01/2017   492.7 Ra 129 Le 459/Isl 14/01/2024 8 05/01/2017 Books
          Dr. Suryya Kumar Bhuyan Library Dr. Suryya Kumar Bhuyan Library   05/01/2017   492.7 Ra 129 Le 796/Isl 14/01/2024 1 05/01/2017 Books
          Dr. Suryya Kumar Bhuyan Library Dr. Suryya Kumar Bhuyan Library   05/01/2017   492.7 Ra 129 Le 797/Isl 14/01/2024 2 05/01/2017 Books
          Dr. Suryya Kumar Bhuyan Library Dr. Suryya Kumar Bhuyan Library   05/01/2017   492.7 Ra 129 Le 798/Isl 14/01/2024 3 05/01/2017 Books
          Dr. Suryya Kumar Bhuyan Library Dr. Suryya Kumar Bhuyan Library   05/01/2017   492.7 Ra 129 Le 799/Isl 14/01/2024 4 05/01/2017 Books

Designed and Maintained by Team SKBL
©1901-2026

Powered by Koha